000
00313pab a2200133 454500
008
180718b1990 xxu||||| |||| 00| 0 eng d
245
_a
Special issue on autonomy and after government media
260
_c
1990
300
_a
3-39
362
_a
27 May
650
_a
Mass Media
773
_a
Janata
909
_a
13551
999
_c
13551
_d
13551